000 01119cam a2200253 4500
001 ABS65025
008 020124n2001 000 0 eng u
035 _a(Sirsi) u116425
100 _aBarr, R
245 _aGetting the best from your expert witness
260 _c2001
490 _aSolicitors' Journal
_v(Expert Witness Supplement) 145(47) 14 December 2001, 11-14(3)
520 _aAdvises solicitors how to get the best out of an expert and presents an eight-point plan for dealing with expert witnesses. Guidance covers the following areas: selecting and appointing an appropriate expert; gathering relevant documentation; instructing experts; reacting to positive and negative reports. Includes a checklist for an expert report.
590 _aABS
650 _aEXPERT WITNESS
_96239
650 _aSOLICITORS
650 _aPROFESSIONAL PRACTICE
650 _aCIVIL PROCEDURE RULES
650 _aDOCUMENTATION
650 _aGUIDANCE
650 _aQUALIFICATIONS
690 _aMANAGEMENT-DISPUTE AVOIDANCE, MANAGEMENT AND RESOLUTION-DISPUTE MANAGEMENT AND RESOLUTION-EXPERT WITNESSES
942 _n0
999 _c69348
_d69348